An introduction to mathematical cosmology
সংরক্ষণ করুন:
| প্রধান লেখক: | |
|---|---|
| বিন্যাস: | গ্রন্থ |
| ভাষা: | ইংরেজি |
| প্রকাশিত: |
Cambridge
Cambridge University
2002
|
| সংস্করন: | 2a. ed |
| বিষয়গুলি: | |
| ট্যাগগুলো: |
ট্যাগ যুক্ত করুন
কোনো ট্যাগ নেই, প্রথমজন হিসাবে ট্যাগ করুন!
|
MARC
| LEADER | 00000nam a2200000 a 4500 | ||
|---|---|---|---|
| 001 | UCL9837 | ||
| 003 | CL-VaPUC | ||
| 008 | 040827e20020000uk |||||||||||||||||eng|d | ||
| 020 | |a 0521499739 | ||
| 082 | 0 | 4 | |a 523.1 |b ISL |2 21 |
| 100 | 0 | |a Islam, Jamal Nazrul |e author |9 487753 | |
| 245 | 1 | 3 | |a An introduction to mathematical cosmology |
| 250 | |a 2a. ed | ||
| 300 | |a 248 p | ||
| 942 | |c BK | ||
| 945 | |d 20040827 00:00:00 |a cmena | ||
| 260 | |a Cambridge |b Cambridge University |c 2002 | ||
| 650 | 0 | |a Cosmología |9 269138 | |
| 650 | 0 | |a Teoría de la relatividad |9 266149 | |
| 650 | 0 | |a Física matemática |9 260981 | |
| 583 | |a last modification |c 20130806 04:45:17 |k Rodrigo Vera | ||
| 999 | |c 310480 |d 310478 | ||
| 952 | |0 0 |1 0 |4 0 |6 523_100000000000000_ISL_2002 |7 0 |8 A |9 378996 |a BIBCUR |b BIBCUR |d 2019-11-21 |i 4055187 |l 1 |o 523.1 ISL 2002 |p 4055187 |r 2025-04-22 |s 2022-10-24 |w 2019-11-21 |y BK |k FIS | ||